भाषा अध्ययन के आधार (Record no. 117687)

MARC details
000 -LEADER
fixed length control field 00728nam a2200241Ia 4500
003 - CONTROL NUMBER IDENTIFIER
control field OSt
005 - DATE AND TIME OF LATEST TRANSACTION
control field 20220918111959.0
008 - FIXED-LENGTH DATA ELEMENTS--GENERAL INFORMATION
fixed length control field 220915b |||||||| |||| 00| 0 hin d
037 ## - SOURCE OF ACQUISITION
Terms of availability Textbook
040 ## - CATALOGING SOURCE
Language of cataloging hin
Original cataloging agency ARTS
Transcribing agency ARTS
041 ## - LANGUAGE CODE
Language code of text/sound track or separate title hin
100 ## - MAIN ENTRY--PERSONAL NAME
Personal name टंडन, प्रेमनारायण
9 (RLIN) 1744
245 #0 - TITLE STATEMENT
Title भाषा अध्ययन के आधार
246 ## - VARYING FORM OF TITLE
Title proper/short title Bhāratīya sāhitya darshana
260 ## - PUBLICATION, DISTRIBUTION, ETC.
Date of publication, distribution, etc. 1958
650 ## - SUBJECT ADDED ENTRY--TOPICAL TERM
Topical term or geographic name entry element हिन्दी साहित्य
942 ## - ADDED ENTRY ELEMENTS (KOHA)
Classification part P152:g, 152J8
Koha item type Textbook
Source of classification or shelving scheme Colon Classification (CC)

No items available.

Copyright @ Delhi University Library System